1882 1061 1557 1680 1223 1898 1356 1474 1276 1653 1719 1145 1436 1313 1215 1944 1778 1950 1038 1048 1719 1372 1525 1955 1848 1899 1622 1777 1799 1145 1622 1111 1092 1735 1690 1393 1729 1483 1611 1056 1046 1024 2000 1725 1892 1813 1958 1914 1985 1181 1431 1083 1339 1414 1004 1407 1426 1718 1233 1223 1312 1639 1960 1320 1199 1619 1075 1790 1269 1363 1675 1324 1202 1526 1484 1561 1785 1066 1751 1689 1888 1580 1010 1377 1575 1552 1512 1350 1918 1150 1624 1199 1910 1153 1652 1611 1149 1504 1562 BCNSPRNW ULIB Ver.6.0+V

เปลี่ยนเป็นภาษาไทย

Change to English
 แสดงรายละเอียดบรรณานุกรม
  กลับหน้าหลัก

Brief Record : Get Marc (ISO 2709) : E-mail record : QR code < ปิดหน้าต่าง
LEADER : 00000nam 2200000uu 4500
001    13399112295
003     ULIB
008    110627s2552||||th 000 0 tha d
020    9786110600088
090    นว.^bอ534ล 2552
100 0  อัณณรัก
245 00 ลิขิตลับ ชะตารัก/^cอัณณรัก
250    พิมพ์ครั้งที่ 2
260    กรุงเทพฯ :^bแจ่มใส,^c2552
300    171 หน้า
710 1  แจ่มใส
945    ^p189^l0^i027763
995    ทศพร
999 ^a ใช้งานได้ทุกระบบ
รายการนี้ยังไม่มีแท็ก
คุณยังไม่ได้ล็อกอิน คุณสามารถมีกิจกรรมร่วมกับเว็บไซต์ได้ แต่ต้องล็อกอินก่อน ::
  ล็อกอิน

รายการสื่อสารสนเทศ

ลำดับที่ ประเภท เลขเรียก/บาร์โค้ด สถานที่ สถานะ
- ไม่พบข้อมูล -

BibComment


ยังไม่เคยถูกคอมเมนท์

คอมเมนท์ทรัพยากรรายการนี้
  คอมเมนท์: ลิขิตลับ ชะตารัก ..


 Copyright 2026. Bcnsprnw @Library